Sports Quiz

Random Sports Quiz
Score 0/26 Timer 03:00
0 Plays Today
Year Team % Correct
1908Chicago Cubs
97.1%
1907Chicago Cubs
97%
1917Chicago White Sox
95.8%
1906Chicago White Sox
94.6%
2005Chicago White Sox
92.5%
1921Chicago Bears
92.3%
1991Chicago Bulls
92.1%
1992Chicago Bulls
92.1%
1993Chicago Bulls
92.1%
1996Chicago Bulls
92.1%
1997Chicago Bulls
92.1%
1998Chicago Bulls
91.7%
1986Chicago Bears
90.2%
Year Team % Correct
1961Chicago Blackhawks
83.8%
1933Chicago Bears
82.7%
1932Chicago Bears
82.3%
1946Chicago Bears
82%
1963Chicago Bears
82%
1943Chicago Bears
81.1%
1941Chicago Bears
80.4%
1940Chicago Bears
79.7%
1938Chicago Blackhawks
76.1%
1934Chicago Blackhawks
75.7%
1925Chicago Cardinals
53%
1947Chicago Cardinals
50.5%
2010Chicago Blackhawks
32.1%

You're not logged in!

Compare scores with friends on all Sporcle quizzes.
OR
Log In

Sporcle TV

Today on Sporcle TV


Watch our educational content, quiz creation guides, and fun videos on Sporcle TV.

Show Comments

Extras

Created Oct 3, 2009ReportNominate
Tags:Championship, chicago, league, team

Top Quizzes Today


Score Distribution

Paid Content

Your Account Isn't Verified!

In order to create a playlist on Sporcle, you need to verify the email address you used during registration. Go to your Sporcle Settings to finish the process.

Report this User

Report this user for behavior that violates our Community Guidelines.

Details: